000 01284nac a22004217a 4500
001 BR0804919
003 BR-BrBNA
005 20240105123614.0
008 230509b bl.|||m| |||| 00| 0 por d
040 _aBR-BrBNA
_bpor
_cBiblioteca Nacional de Agricultura
072 _aP32
090 _aP32 BR0804919
100 1 _aRêgo, R.S.
100 1 _aOliveira Júnior, R.C. de
100 1 _aRodrigues, T.E.
100 1 _aRollin, P.A.M.
100 1 _aSilva, L.G.T.
100 1 _aCarvalho, E.J.M.
100 1 _aGama, J.R.N.F.
100 1 _aSilva, J.M.L. da
100 1 _aPeres, A.S.G.
110 1 _aEMBRAPA Amazônia Oriental, Belém, PA (Brasil)
245 1 _aLevantamento de reconhecimento de alta intensidade dos solos do Município de Uruará, Estado do Pará
260 3 _aBelém, PA (Brasil):
_c2001.
300 _a99 p.
490 _aDocumentos - EMBRAPA Amazônia Oriental (Brazil)
_vno. 81
_xISSN 1517-2201
500 _a16 tables; 32 ref.
650 _aSOLO
650 _aCLASSIFICAÇÃO DO SOLO
650 _aRECONHECIMENTO DO SOLO
650 _aPROPRIEDADE FÍSICO-QUÍMICA
650 _aCARTOGRAFIA
650 _aCLIMA
650 _aGEOLOGIA
650 _aPARÁ
909 _a202312
_bLúcia Elande
_c55
_dLúcia Elande
942 _2AGRIS
_n0
_cMS
999 _c296191
_d296191